000 00176nam a2200073Ia 4500
008 170817s9999 xx 000 0 und d
100 _aSHARMA
245 0 _aMANOVAIGYANIK VICHARDHARAYEN
260 _bH.P. BHARGAV
999 _c36137
_d36137